アフリカの首都 - Statistics

General Stats
  • This quiz has been taken 807 times
  • The average score is 21 of 56
Answer Stats
首都 % Correct
アルジェリア アルジェ
92%
エジプト カイロ
91%
ケニア ナイロビ
73%
チャド ンジャメナ
72%
コンゴ民主共和国 キンシャサ
69%
南アフリカ(立法府) ケープタウン
67%
エチオピア アディスアベバ
65%
チュニジア チュニス
65%
南アフリカ(行政府) プレトリア
61%
ジブチ ジブチ市
59%
アンゴラ ルアンダ
51%
ナイジェリア アブジャ
51%
マダガスカル アンタナナリボ
50%
モロッコ ラバト
46%
スーダン ハルツーム
46%
リビア トリポリ
45%
モーリタニア ヌアクショット
41%
シエラレオネ フリータウン
41%
ガーナ アクラ
40%
ギニアビサウ ビサウ
40%
セネガル ダカール
40%
サントメ・プリンシペ サントメ
40%
コンゴ共和国 ブラザヴィル
39%
カメルーン ヤウンデ
38%
南スーダン ジュバ
38%
コモロ モロニ
36%
ルワンダ キガリ
33%
ブルキナファソ ワガドゥグー
31%
リベリア モンロビア
30%
ニジェール ニアメ
30%
中央アフリカ共和国 バンギ
29%
コートジボワール ヤムスクロ
29%
ソマリア モガディシュ
29%
マリ バマコ
28%
ナミビア ウィントフック
28%
トーゴ ロメ
28%
ボツワナ ハボローネ
27%
ギニア コナクリ
26%
タンザニア ドドマ
26%
ジンバブエ ハラレ
26%
モザンビーク マプト
25%
ベナン ポルトノボ
24%
エスワティニ ムババーネ
24%
レソト マセル
24%
セイシェル ビクトリア
24%
エリトリア アスマラ
23%
ガンビア バンジュール
23%
カーボベルデ プライア
21%
ガボン リーブルヴィル
21%
ザンビア ルサカ
21%
赤道ギニア マラボ
20%
マラウイ リロングウェ
20%
南アフリカ(司法府) ブルームフォンテーン
20%
ウガンダ カンパラ
18%
モーリシャス ポートルイス
16%
ブルンジ ギテガ
14%
No matching quizzes found
Score Distribution
Percent of People with Each Score
Percentile by Number Answered
Your Score History
You have not taken this quiz